[Event "Stephanie"]
[Site "http://www.queenalice.com/game.php?id=1252150"]
[Date "2014.2.5"]
[Round "-"]
[White "Cheshco"]
[Black "Hot_Tracy"]
[Result "1-0"]
[WhiteElo "2518"]
[BlackElo "2512"]

1. d4 Nf6 2. c4 e6 3. Nf3 b6 4. g3 Ba6 5. Qa4 Bb7 6. Bg2 c5 7. dxc5 Bxc5 8. O-O
O-O 9. Nc3 Be7 10. Bf4 Na6 11. Rad1 Nc5 12. Qc2 Qc8 13. Ne1 Rd8 14. e4 d6 15.
Qe2 a6 16. Nd3 Nxd3 17. Rxd3 e5 18. Be3 Qxc4 19. Bxb6 Rdc8 20. Ba5 Qc5 21. b4
Qa7 22. Rfd1 Rc4 23. Na4 Rc6 24. Rc3 Rxc3 25. Nxc3 Bc8 26. Nd5 Nxd5 27. exd5 Bd7
28. Rc1 Qd4 29. Qe3 Qb2 30. Bf1 Bb5 31. Bxb5 axb5 32. Qc3 Qxa2 33. Qc6 Rf8 34.
Qxb5 Qd2 35. Qc4 e4 36. Bb6 Rb8 37. Qc7 Bf8 38. Qxb8 Qxc1+ 39. Kg2 Qd1 40. h3 h5
41. Be3 f5 42. h4 Qxd5 43. Kh2 g5 44. Bxg5 Qd4 45. Kg2 Qc3 46. Be7 Qg7 47. Bxd6
f4 48. b5 f3+ 49. Kh2 Kf7 50. Be5 Qh6 51. b6 1-0

[Event "Stephanie"]
[Site "http://www.queenalice.com/game.php?id=1253888"]
[Date "2014.2.6"]
[Round "-"]
[White "Cheshco"]
[Black "Pater"]
[Result "1-0"]
[WhiteElo "2499"]
[BlackElo "2433"]

1. d4 Nf6 2. c4 Nc6 3. Nf3 e6 4. a3 d5 5. Nc3 g6 6. Bf4 Bd6 7. Bh6 Bf8 8. Bxf8
Kxf8 9. e3 Kg7 10. Be2 b6 11. O-O Bb7 12. Rc1 dxc4 13. Bxc4 Qe7 14. Qc2 a6 15.
h3 Rhd8 16. Rfe1 Na5 17. Be2 c5 18. dxc5 bxc5 19. Na4 c4 20. Qc3 Nb3 21. Rcd1
Bd5 22. Bxc4 Bxc4 23. Qxc4 Qb7 24. Nc3 1-0

[Event "Stephanie"]
[Site "http://www.queenalice.com/game.php?id=1255022"]
[Date "2014.2.9"]
[Round "-"]
[White "Cheshco"]
[Black "novoselic"]
[Result "1-0"]
[WhiteElo "2498"]
[BlackElo "2068"]

1. d4 Nf6 2. c4 e6 3. Nf3 d5 4. Nc3 c6 5. e3 Bd6 6. h3 Nbd7 7. Bd3 O-O 8. Qc2 h6
9. O-O b6 10. cxd5 exd5 11. Re1 Bb7 12. b3 Re8 13. Bb2 Qc7 14. Rac1 Rac8 15. a3
Qb8 16. Bf5 1-0

[Event "Stephanie"]
[Site "http://www.queenalice.com/game.php?id=1257631"]
[Date "2014.3.9"]
[Round "-"]
[White "Cheshco"]
[Black "Apatride"]
[Result "1/2-1/2"]
[WhiteElo "2539"]
[BlackElo "2467"]

1. d4 d5 2. c4 c6 3. Nf3 Nf6 4. Nc3 dxc4 5. a4 Bf5 6. e3 e6 7. Bxc4 Bb4 8. O-O
O-O 9. Qe2 Nbd7 10. e4 Bg6 11. Bd3 c5 12. e5 cxd4 13. Rd1 dxc3 14. exf6 Bxd3 15.
Rxd3 Qc7 16. Rd4 Bc5 17. fxg7 Rfc8 18. Rd1 Nf6 19. bxc3 Ng4 20. Rf1 Bxf2+ 21.
Rxf2 Nxf2 22. Qxf2 Qxc3 23. Bb2 Qc2 24. Bf6 Qxf2+ 25. Kxf2 Rc2+ 26. Kg3 h6 27.
Ne5 Rc3+ 28. Kh4 Rc2 29. Rd1 Rf2 30. Ng4 Rxf6 31. Nxf6+ Kxg7 32. Nh5+ Kf8 33. g4
Rc8 34. Rd7 Rc4 35. Rxb7 Rxa4 36. Nf6 Kg7 37. Nd7 Ra5 38. h3 a6 39. Ra7 Rd5 40.
Nb6 Rd4 41. Nc8 Rd8 42. Ne7 Rd6 43. Rc7 Rd2 44. Rc5 Rd7 45. Nc8 Rd8 46. Nb6 Rd6
47. Nc4 Rd5 48. Rc7 h5 49. Ra7 hxg4 50. hxg4 a5 51. Nxa5 Kg6 52. Nc6 Rc5 53.
Ne7+ Kf6 54. Rb7 Rc1 55. g5+ Kg7 56. Kg3 Kf8 57. Kf4 Rf1+ 58. Ke5 Re1+ 59. Kd4
Rg1 60. g6 Rd1+ 61. Ke5 Re1+ 62. Kf6 Rf1+ 63. Kg5 Kg7 64. gxf7 Rxf7 65. Ra7 Kf8
66. Ng6+ Kg7 67. Rxf7+ Kxf7 68. Ne5+ 1/2-1/2

[Event "Let's Play Chess!"]
[Site "http://www.queenalice.com/game.php?id=1261191"]
[Date "2014.3.5"]
[Round "-"]
[White "Cheshco"]
[Black "BartolomeuDias"]
[Result "1-0"]
[WhiteElo "2529"]
[BlackElo "2605"]

1. d4 d5 2. c4 dxc4 3. Nf3 Nf6 4. e3 e6 5. Bxc4 a6 6. O-O Nbd7 7. Re1 b5 8. Bd3
Be7 9. a4 Bb7 10. axb5 axb5 11. Rxa8 Qxa8 12. Bxb5 O-O 13. Nc3 Rd8 14. Qe2 c6
15. Bd3 c5 16. Bd2 cxd4 17. exd4 h6 18. Nb5 Nb6 19. Rc1 Rc8 20. Qd1 Rxc1 21.
Bxc1 Qa1 22. Be2 Nfd5 23. g3 Ba6 24. Kg2 Nb4 25. Nc3 Bb7 26. h4 1-0

[Event "Challenge"]
[Site "http://www.queenalice.com/game.php?id=1261651"]
[Date "2014.3.3"]
[Round "-"]
[White "priscilinha"]
[Black "Cheshco"]
[Result "0-1"]
[WhiteElo "1100"]
[BlackElo "2528"]

1. e4 e5 2. Bb5 c6 3. Ba4 d5 4. exd5 Qxd5 5. Nf3 Qe4+ 6. Qe2 Qxa4 7. Nxe5 Qxc2
8. Nc3 Be6 9. a4 Nd7 10. Nd3 O-O-O 11. a5 Bc4 12. Ra4 Bxd3 13. Qg4 Nf6 14. Qd4
Qxc1+ 15. Nd1 Re8+ 16. Qe4 Nxe4 17. a6 Qxd2# 0-1

[Event "Challenge"]
[Site "http://www.queenalice.com/game.php?id=1261735"]
[Date "2014.3.3"]
[Round "-"]
[White "Apatride"]
[Black "Cheshco"]
[Result "1/2-1/2"]
[WhiteElo "2408"]
[BlackElo "2530"]

1. e4 e5 2. Nf3 Nc6 3. Bb5 a6 4. Ba4 Nf6 5. O-O Be7 6. Re1 b5 7. Bb3 d6 8. c3
O-O 9. h3 Na5 10. Bc2 c5 11. d4 Qc7 12. d5 Bd7 13. b3 Nb7 14. Nbd2 g6 15. c4 Na5
16. Bd3 Rfb8 17. Nf1 Nh5 18. Ne3 Nf4 19. Bf1 Re8 20. Bb2 Bf6 21. Bc3 Rab8 22.
Qd2 b4 23. Bb2 Bg7 24. Qc2 Nb7 25. Kh2 Qc8 26. Ng1 Rf8 27. g3 Nh5 28. Nf3 a5 29.
a4 f5 30. exf5 Bxf5 31. Qe2 Nd8 32. Nd2 Bd7 33. Bg2 Nf7 34. Ne4 Nf6 35. Nxf6+
Bxf6 36. Nf1 Nh6 37. Nd2 Nf5 38. Ne4 Qd8 39. Rad1 Bg7 40. h4 Qe7 41. Ng5 Rbe8
42. Ne6 Rf6 43. Qd3 Bxe6 44. dxe6 Kh8 45. Bd5 Nxh4 46. f4 Rf5 47. Re2 exf4 48.
gxh4 Bxb2 49. Rxb2 Qxh4+ 50. Kg1 Rg5+ 51. Rg2 Kg7 52. Rxg5 Qxg5+ 53. Kf2 Qh4+
54. Kg1 g5 55. Rf1 Re7 56. Kg2 Qg4+ 57. Kf2 Kf6 58. Rg1 Qf5 1/2-1/2

[Event "Challenge"]
[Site "http://www.queenalice.com/game.php?id=1261736"]
[Date "2014.3.3"]
[Round "-"]
[White "Cheshco"]
[Black "Apatride"]
[Result "1/2-1/2"]
[WhiteElo "2529"]
[BlackElo "2433"]

1. d4 Nf6 2. c4 e6 3. Nf3 d5 4. Nc3 h6 5. e3 c5 6. cxd5 exd5 7. Bb5+ Nc6 8. Ne5
Qc7 9. Qa4 Bd7 10. O-O a6 11. Nxd7 Qxd7 12. Bxc6 bxc6 13. b3 cxd4 14. exd4 Bd6
15. Re1+ Kf8 16. Ne2 Kg8 17. Bf4 a5 18. Bxd6 Qxd6 19. Rac1 Ra6 20. Rc5 Ng4 21.
g3 Qf6 22. Rf1 Qf3 23. Nf4 g5 24. Nh5 Nxh2 25. Kxh2 Qxh5+ 26. Kg1 Qg6 27. Rfc1
Kg7 28. Rxc6 Rxc6 29. Qxc6 Qe4 30. Qc3 Ra8 31. Qd2 Re8 32. Qxa5 Qxd4 33. Qc3
Qxc3 34. Rxc3 d4 35. Rd3 Rd8 36. a4 Kf6 37. b4 Ke5 38. Kf1 Kd5 39. b5 Ra8 40.
Ra3 Kc5 41. g4 Re8 42. Rf3 Re7 43. Rb3 Kc4 44. Rb1 d3 45. a5 d2 46. b6 Re5 47.
b7 Rb5 48. Rd1 Rxb7 49. Rxd2 Ra7 50. Rd6 Rxa5 51. Rxh6 f5 52. gxf5 Rxf5 53. Kg2
Kd4 54. Kg3 Ke4 55. Re6+ Re5 56. Rf6 Rf5 57. f3+ Ke5 1/2-1/2

[Event "Challenge"]
[Site "http://www.queenalice.com/game.php?id=1262654"]
[Date "2014.3.6"]
[Round "-"]
[White "priscilinha"]
[Black "Cheshco"]
[Result "0-1"]
[WhiteElo "1156"]
[BlackElo "2529"]

1. e4 c5 2. a4 Nf6 3. e5 Nd5 4. Bb5 a6 5. Bf1 d6 6. exd6 Qxd6 7. a5 Nc6 8. Bc4
Nf4 9. Nf3 Qg6 10. O-O Qxg2# 0-1

[Event "Challenge"]
[Site "http://www.queenalice.com/game.php?id=1262677"]
[Date "2014.3.6"]
[Round "-"]
[White "priscilinha"]
[Black "Cheshco"]
[Result "0-1"]
[WhiteElo "1156"]
[BlackElo "2528"]

1. e4 c5 2. Nc3 Nc6 3. Bb5 Nb4 4. Nf3 Nc6 5. Nd5 e6 6. Ne3 Qc7 7. O-O Nf6 8. c3
Nxe4 9. Nh4 d5 10. a4 Nd6 11. a5 Nxb5 12. c4 dxc4 13. h3 Nxa5 14. b4 cxb4 0-1

[Event "Challenge"]
[Site "http://www.queenalice.com/game.php?id=1263245"]
[Date "2014.3.8"]
[Round "-"]
[White "Zugswang"]
[Black "Cheshco"]
[Result "0-1"]
[WhiteElo "2179"]
[BlackElo "2528"]

1. e4 c5 2. Nc3 Nc6 3. g3 g6 4. Bg2 Bg7 5. Nge2 d6 6. O-O h5 7. h4 Bg4 8. f3 Bd7
9. d3 Nf6 10. d4 cxd4 11. Nxd4 Nxe4 12. Nxc6 Qb6+ 13. Kh2 Nxc3 14. Qe1 Qxc6 15.
Bg5 Nd5 16. f4 O-O 17. Bxe7 Rfe8 18. Rd1 Rxe7 19. Qxe7 Nxe7 20. Bxc6 Bxc6 21. c3
Nf5 22. Rfe1 d5 23. Kh3 Rc8 24. g4 hxg4+ 25. Kxg4 d4 26. cxd4 Bxd4 27. Rd2 Kg7
28. Rde2 Rh8 29. Rh2 Bf2 30. Re2 Ne3+ 0-1

[Event "Challenge"]
[Site "http://www.queenalice.com/game.php?id=1263413"]
[Date "2014.3.8"]
[Round "-"]
[White "Ninho"]
[Black "Cheshco"]
[Result "0-1"]
[WhiteElo "1812"]
[BlackElo "2527"]

1. e4 c5 2. Nf3 d6 3. d4 cxd4 4. Nxd4 Nf6 5. Nc3 a6 6. Be2 e5 7. Nf3 Be7 8. O-O
O-O 9. h3 Be6 10. Ng5 Bd7 11. a3 h6 12. Nf3 Be6 13. Nh2 d5 14. exd5 Nxd5 15.
Nxd5 Qxd5 16. Bf3 Qb5 17. Be2 Qc6 18. c3 Nd7 19. Be3 f5 20. Nf3 Rad8 21. Qc1 f4
22. Bd2 Nc5 23. Nxe5 Qe4 24. Ng6 Qxg6 25. Kh1 Nb3 26. Qe1 Nxd2 27. Rg1 f3 28.
gxf3 Qh5 29. Rg3 Bxh3 30. Kg1 Rxf3 31. Qxd2 Rxg3+ 0-1

[Event "Challenge"]
[Site "http://www.queenalice.com/game.php?id=1266743"]
[Date "2014.3.20"]
[Round "-"]
[White "Ninho"]
[Black "Cheshco"]
[Result "0-1"]
[WhiteElo "1887"]
[BlackElo "2538"]

1. e4 c5 2. Nf3 d6 3. d4 cxd4 4. Qxd4 Nc6 5. Bb5 Bd7 6. Qa4 Nf6 7. O-O e6 8. Nc3
a6 9. Bxc6 Bxc6 10. Qd4 Be7 11. Bg5 O-O 12. Rfe1 h6 0-1

[Event "Let's Play Chess!"]
[Site "http://www.queenalice.com/game.php?id=1266983"]
[Date "2014.3.27"]
[Round "-"]
[White "Cheshco"]
[Black "FabioDavid"]
[Result "1/2-1/2"]
[WhiteElo "2532"]
[BlackElo "2554"]

1. d4 Nf6 2. c4 e6 3. Nf3 d5 4. Nc3 Be7 5. Bg5 O-O 6. e3 h6 7. Bh4 b6 8. Bd3 c5
9. dxc5 bxc5 10. O-O Bb7 11. Qb3 Qb6 12. Rfd1 dxc4 13. Qxc4 Nbd7 14. Qb3 Rfd8
15. Bb5 Bd6 16. Be2 g5 17. Qxb6 Nxb6 18. Bg3 Bxg3 19. hxg3 Kg7 20. Rac1 Rxd1+
21. Rxd1 Nfd5 22. Rc1 Rb8 23. Ne4 Nxe3 24. Nxc5 Bxf3 25. gxf3 Ned5 26. a3 a5 27.
Ba6 Nc7 28. Bd3 Ncd5 29. b3 Rc8 30. Kg2 Kf6 31. Nd7+ Ke7 32. Rxc8 Nxc8 33. Ne5
Na7 34. Kh3 f5 35. Kg2 Kf6 36. Nd7+ Ke7 37. Ne5 Kf6 38. Nd7+ 1/2-1/2

[Event "Let's Play Chess!"]
[Site "http://www.queenalice.com/game.php?id=1266984"]
[Date "2014.3.27"]
[Round "-"]
[White "Cheshco"]
[Black "FabioDavid"]
[Result "1/2-1/2"]
[WhiteElo "2532"]
[BlackElo "2554"]

1. d4 Nf6 2. c4 g6 3. Nc3 d5 4. cxd5 Nxd5 5. e4 Nxc3 6. bxc3 Bg7 7. Bc4 O-O 8.
Ne2 c5 9. O-O Nc6 10. Bd3 cxd4 11. cxd4 Nxd4 12. Rb1 b6 13. Nxd4 Bxd4 14. Bh6
Bg7 15. Bf4 Bb7 16. Qe2 Qd7 17. Bb5 Qd4 18. Rbd1 Qxe4 19. Qxe4 Bxe4 20. Rfe1 Bf5
21. Rxe7 Bf6 22. Rb7 Bc8 23. Rc7 Be6 24. a4 Rfc8 25. Rb7 Rc2 26. h3 Bc8 27. Rc7
Rxc7 28. Bxc7 Be6 29. Rc1 h5 30. f3 Bb2 31. Rc6 Bd4+ 32. Kf1 Kg7 33. Ke2 h4 34.
Kd3 Bf6 35. Ke3 Re8 36. Kd2 Rh8 37. Ke3 Re8 1/2-1/2

[Event "Challenge"]
[Site "http://www.queenalice.com/game.php?id=1267155"]
[Date "2014.3.22"]
[Round "-"]
[White "Cheshco"]
[Black "Rudolf"]
[Result "0-1"]
[WhiteElo "2540"]
[BlackElo "2548"]

1. d4 d5 2. c4 c6 3. Nf3 Nf6 4. Nc3 e6 5. e3 Nbd7 6. Bd3 dxc4 7. Bxc4 b5 8. Bd3
Bb7 9. O-O a6 10. e4 c5 11. d5 Qc7 12. dxe6 fxe6 13. Bc2 c4 14. Nd4 Nc5 15. Be3
e5 16. Nf3 Be7 17. Ng5 O-O 18. Bxc5 Bxc5 19. Ne6 Qb6 20. Nxf8 Rxf8 21. Qe2 Qe6
22. a3 Ng4 23. Nd1 Bd4 24. Kh1 Bc8 25. h3 Qf6 26. Rb1 Qh4 27. Kg1 Qg3 28. hxg4
Bxg4 29. Qd2 Bf3 30. Ne3 Qg5 31. Rfd1 h6 32. a4 Rf6 33. axb5 Rg6 0-1

[Event "Challenge"]
[Site "http://www.queenalice.com/game.php?id=1268357"]
[Date "2014.3.26"]
[Round "-"]
[White "Zugswang"]
[Black "Cheshco"]
[Result "0-1"]
[WhiteElo "2095"]
[BlackElo "2539"]

1. e4 c5 2. Nc3 Nf6 3. e5 Ng8 4. f4 Nh6 5. g4 e6 6. Bg2 Qh4+ 7. Kf1 Nxg4 8. Nh3
f6 9. Qe2 Nc6 10. Nb5 Rb8 11. Nd6+ Bxd6 12. exd6 Nd4 13. Qd1 b5 14. c3 Nf5 15.
Qe1 Qh5 16. Kg1 Nh4 17. Qg3 Nxg2 0-1

[Event "Aceita um Jogo"]
[Site "http://www.queenalice.com/game.php?id=1269569"]
[Date "2014.4.1"]
[Round "-"]
[White "heberesteves"]
[Black "Cheshco"]
[Result "0-1"]
[WhiteElo "1686"]
[BlackElo "2534"]

1. e4 c5 2. Nc3 Nc6 3. Nf3 e6 4. d3 d5 5. e5 Nge7 6. Be3 d4 7. Bd2 dxc3 8. Bxc3
Qc7 9. d4 Nd5 10. Be2 Nxc3 11. bxc3 Qa5 12. O-O Qxc3 13. Rc1 Be7 14. dxc5 Qxc5
15. Rb1 O-O 16. Rb5 Qa3 17. Qa1 Bb4 18. Rb1 Bc3 19. R5b3 Qxb3 20. cxb3 Bxa1 21.
Rxa1 Rd8 22. g3 b6 23. Rc1 Bb7 24. a3 Rac8 25. b4 Nd4 26. Rxc8 Nxe2+ 27. Kf1
Rxc8 28. Kxe2 Bxf3+ 29. Kxf3 Rc3+ 30. Ke4 Rxa3 0-1

[Event "Challenge"]
[Site "http://www.queenalice.com/game.php?id=1271257"]
[Date "2014.4.8"]
[Round "-"]
[White "Ninho"]
[Black "Cheshco"]
[Result "0-1"]
[WhiteElo "1948"]
[BlackElo "2532"]

1. e4 e5 2. c3 d5 3. Nf3 dxe4 4. Qa4+ Nd7 5. Qxe4 Ngf6 6. Qc2 e4 7. Nd4 Ne5 8.
Be2 c5 9. Nb3 a5 10. a4 Nd3+ 11. Bxd3 exd3 12. Qd1 Qe7+ 13. Kf1 Be6 0-1

[Event "Challenge"]
[Site "http://www.queenalice.com/game.php?id=1271258"]
[Date "2014.4.8"]
[Round "-"]
[White "Ninho"]
[Black "Cheshco"]
[Result "0-1"]
[WhiteElo "1958"]
[BlackElo "2535"]

1. e4 c5 2. Nf3 e6 3. d3 Nc6 4. g3 g6 5. Bg2 Bg7 6. O-O Nge7 7. c3 O-O 8. d4
cxd4 9. cxd4 d5 10. e5 f6 11. exf6 Bxf6 12. Nc3 Nf5 13. Ne2 Qb6 14. g4 Nfxd4 15.
Nfxd4 Nxd4 16. Be3 Nxe2+ 17. Qxe2 Qxb2 18. Qd3 Qb4 19. Rab1 Qxg4 20. f4 b6 21.
Rf3 Bb7 22. Rg3 Qf5 23. Qxf5 exf5 24. Bf2 Rfc8 25. Rd3 Rc4 26. Bxd5+ Bxd5 27.
Rxd5 Rxf4 28. Rc1 Ra4 29. Rc2 Re8 30. h3 Kf7 31. Rcd2 Bg5 32. Kg2 Bxd2 0-1

[Event "Challenge"]
[Site "http://www.queenalice.com/game.php?id=1271259"]
[Date "2014.4.8"]
[Round "-"]
[White "Ninho"]
[Black "Cheshco"]
[Result "0-1"]
[WhiteElo "1943"]
[BlackElo "2533"]

1. e4 c5 2. Nf3 e6 3. d3 Nc6 4. g3 g6 5. Bg2 Bg7 6. O-O d5 7. exd5 exd5 8. c3
Nge7 9. Re1 O-O 10. d4 cxd4 11. cxd4 Bg4 12. Be3 Nf5 13. Qd3 Bxf3 14. Bxf3 Nfxd4
15. Bd1 Ne5 0-1

[Event "OS INCLIVEIS"]
[Site "http://www.queenalice.com/game.php?id=1271342"]
[Date "2014.4.8"]
[Round "-"]
[White "adelio"]
[Black "Cheshco"]
[Result "0-1"]
[WhiteElo "1761"]
[BlackElo "2536"]

1. b4 Nf6 2. c4 e5 3. a3 c5 4. Bb2 cxb4 5. Bxe5 Nc6 6. Bxf6 Qxf6 7. Ra2 Be7 8.
Nf3 O-O 9. e4 Qg6 10. d3 f5 11. Nbd2 bxa3 12. h4 Bb4 13. Qb3 fxe4 14. c5+ d5 15.
dxe4 Qxe4+ 16. Kd1 Qf5 17. Bd3 Qh5 18. Kc1 Bxc5 19. Ne4 Na5 20. Qb5 dxe4 21.
Bc4+ Nxc4 22. Qxc4+ Kh8 23. Ng5 Bxf2 24. Qxe4 Bf5 25. Qa4 Be3+ 26. Rd2 Rac8+ 27.
Qc2 Rxc2+ 28. Kb1 Rxd2+ 29. Ka1 Bd4# 0-1